000 00572nam a22001937a 4500
003 OSt
005 20160616190700.0
008 160616b xxu||||| |||| 00| 0 eng d
020 _a0443066329
040 _cDNLM.
082 _aQV767B641c 2003,
100 _aBone,Kerry;
_99463
245 _aA Clinical Guide to Blending Liquid Herbs.
_bHerbal Formulation for the Individual Patient.
260 _aAustraria.
_bChurchill Livingstone.
_c2003.
300 _axii,532p;
_bill;
_c25cm.
504 _aincludes index.
650 _aHerbal formulation.
_99464
942 _2z
_cO_SHELF
999 _c4398
_d4398